000 01075cam a2200253 4500
001 ABS68472
008 041117n2004 000 0 eng u
035 _a(Sirsi) u128018
100 _aMadine, V.
245 _aHappy hour
260 _c2004
490 _aBuilding
_v269(8352) 8 October 2004, 46-49(4)
520 _aLooks at the latest survey by Mizra and Nacey on fees for quantity surveyors (ISBN 1903202345). Concludes charge-out rates have increased by as much as 50% since 2002 and most sectors look buoyant. Tables highlighted are hourly rates, national averages, contract variations, regional fee index and average fees as a percentage of project cost. Copies of the full survey can be obtained from Mizra and Nacey at www.fees.uk.net or t +44 (0)1243 551302.
590 _aABS
590 _aABS
650 _aSALARY SURVEYS
650 _aMARKET SURVEYS
650 _aQUANTITY SURVEYING FIRMS
650 _aSTAFF PERFORMANCE
650 _aPROFESSIONAL PRACTICES
650 _aPROFESSIONAL FEES
690 _aQUANTITY SURVEYING
_96263
942 _n0
999 _c118324
_d118324